[Event "Brasilia Inconfidencia Cup"]
[Site "Brasilia"]
[Date "2015.04.17"]
[Round "1"]
[White "Mena Barreto Neto, Joao Manoel"]
[Black "Felix, Raimundo Nascimento"]
[Result "0-1"]
[WhiteElo "1830"]
[BlackElo "1905"]
[PlyCount "56"]
[EventDate "2015.04.17"]
[EventType "swiss"]
[EventRounds "6"]
[EventCountry "BRA"]
[SourceTitle "CBM 166 Extra"]
[Source "ChessBase"]
[SourceDate "2015.06.18"]
[SourceVersion "1"]
[SourceVersionDate "2015.06.18"]
[SourceQuality "1"]

1. Nf3 Nf6 2. d4 g6 3. Bf4 Bg7 4. e3 d6 5. h3 c6 6. Nbd2 b5 7. c4 Qa5 8. Be2 Nbd7 9. 0-0 0-0 10. e4 Ba6 11. Qc2 Rac8 12. e5 dxe5 13. dxe5 Nh5 14. Bg5 Nxe5 15. Nxe5 Bxe5 16. Bxh5 gxh5 17. Ne4 f6 18. Bh6 Rf7 19. Rfd1 bxc4 20. Rd7 Kh8 21. Rad1 Rg8 22. Kh1 Bc8 23. Qxc4 Bxd7 24. Qxf7 Qd8 25. f4 Bxb2 26. Qb3 Be6 27. Rxd8 Bxb3 28. Rxg8+ Bxg8 0-1